Т. 34, № 2; Трение и износ

Detalhes bibliográficos
Parent link:Трение и износ: научный журнал/ Национальная Академия наук Беларуси (НАНБ, НАН Беларуси); Российская академия наук (РАН). Т. 34, № 2.— , 1980-1996, 1999, 2001-.— 0202-4977
Idioma:russo
Publicado em: 2013
Formato: MixedMaterials Livro
KOHA link:https://koha.lib.tpu.ru/cgi-bin/koha/opac-detail.pl?biblionumber=511205

MARC

LEADER 00000nam2a2200000 4500
001 511205
005 20231101104258.0
035 |a (RuTPU)RU\TPU\prd\185485 
090 |a 511205 
100 |a 20130624a19809999k y0rusy50 ca 
101 0 |a rus 
102 |a BY 
200 0 |a Т. 34, № 2 
210 |d 2013 
461 1 |0 (RuTPU)RU\TPU\prd\2401  |x 0202-4977  |t Трение и износ  |o научный журнал  |f Национальная Академия наук Беларуси (НАНБ, НАН Беларуси); Российская академия наук (РАН)  |v Т. 34, № 2  |d 1980-1996, 1999, 2001- 
801 0 |a RU  |b 63413507  |c 20010227  |g PSBO 
801 1 |a RU  |b 63413507  |c 20130624 
801 2 |a RU  |b 63413507  |c 20230616  |g RCR 
942 |c BK 
999 |a НТБ_ТПУ  |b НФ  |e -1/20130109  |p П-9074  |s 5/20121010  |u 0,00  |v 1